[Event "Budapest Art Pub Cup 4th"]
[Site "Budapest"]
[Date "2014.04.17"]
[Round "1"]
[White "Hegedus, Luca"]
[Black "Ladanyi, Gyula"]
[Result "0-1"]
[WhiteElo "1237"]
[BlackElo "1769"]
[PlyCount "80"]
[EventDate "2014.04.16"]
[EventType "swiss"]
[EventRounds "7"]
[EventCountry "HUN"]
[SourceTitle "EXT 2015"]
[Source "ChessBase"]
[SourceDate "2014.11.20"]
[SourceVersion "1"]
[SourceVersionDate "2014.11.20"]
[SourceQuality "1"]

1. d4 d5 2. Bf4 Nf6 3. Nf3 e6 4. e3 Bd6 5. Bxd6 Qxd6 6. Be2 Nbd7 7. Nbd2 0-0 8. 0-0 c5 9. c3 b6 10. Qc2 Bb7 11. Rfd1 Rac8 12. h3 cxd4 13. exd4 Ne4 14. Nxe4 dxe4 15. Nd2 f5 16. Qb3 Qe7 17. Bc4 Rf6 18. d5 Nc5 19. Qa3 exd5 20. Be2 f4 21. f3 a5 22. b4 axb4 23. Qxb4 Qe5 24. Nb3 Nxb3 25. axb3 Qxc3 26. Qxc3 Rxc3 27. fxe4 dxe4 28. Bc4+ Kf8 29. Rd8+ Ke7 30. Rad1 Bc6 31. Rc8 Bd7 32. Rc7 Rd6 33. Rxd6 Kxd6 34. Rb7 Kc6 35. Ra7 e3 36. h4 Rc1+ 37. Kh2 b5 38. Bxb5+ Kxb5 39. Rxd7 e2 40. Rxg7 e1Q 0-1

[Event "Budapest Spring op 30th"]
[Site "Budapest"]
[Date "2014.03.14"]
[Round "1"]
[White "Ladanyi, Gyula"]
[Black "Brustkern, Juergen"]
[Result "0-1"]
[WhiteElo "1798"]
[BlackElo "2233"]
[PlyCount "58"]
[EventDate "2014.03.14"]
[EventType "swiss"]
[EventRounds "9"]
[EventCountry "HUN"]
[SourceTitle "CBM 159 Extra"]
[Source "ChessBase"]
[SourceDate "2014.04.24"]
[SourceVersion "1"]
[SourceVersionDate "2014.04.24"]
[SourceQuality "1"]

1. d4 Nf6 2. c4 c5 3. d5 b5 4. b3 Ba6 5. Nd2 Qa5 6. Qc2 g6 7. Bb2 Bg7 8. g3 d6 9. Bg2 Nbd7 10. Ngf3 bxc4 11. bxc4 Nb6 12. 0-0 Na4 13. Rab1 Nxb2 14. Rxb2 Nd7 15. Rb3 0-0 16. e4 Nb6 17. Re1 Qa4 18. Bf1 Bc8 19. Bd3 f6 20. Nb1 Bg4 21. Nfd2 e5 22. Nc3 Qd7 23. f4 exf4 24. gxf4 Rae8 25. Rbb1 f5 26. exf5 Bd4+ 27. Kg2 gxf5 28. Nf1 Qg7 29. Ng3 Bxc3 0-1

[Event "Budapest FS12 FM-C"]
[Site "Budapest"]
[Date "2005.12.11"]
[Round "9"]
[White "Ladanyi, Gyula"]
[Black "Szabo, Bence"]
[Result "1/2-1/2"]
[WhiteElo "1972"]
[BlackElo "2009"]
[PlyCount "75"]
[EventDate "2005.12.03"]
[EventType "tourn"]
[EventRounds "10"]
[EventCountry "HUN"]
[SourceTitle "CBM 109 Extra"]
[Source "ChessBase"]
[SourceDate "2006.01.03"]
[SourceVersion "2"]
[SourceVersionDate "2006.01.03"]
[SourceQuality "1"]

1. d4 Nf6 2. c4 g6 3. Nf3 Bg7 4. Nc3 d5 5. cxd5 Nxd5 6. e4 Nxc3 7. bxc3 c5 8. Bc4 Nc6 9. Be3 0-0 10. 0-0 cxd4 11. cxd4 Bg4 12. Bd5 Rc8 13. Rc1 Qd7 14. Bxc6 Rxc6 15. Rxc6 Qxc6 16. d5 Qc7 17. h3 Bd7 18. Qd2 Rc8 19. Bf4 Qc2 20. Qb4 Qa4 21. Qxb7 Rc2 22. Be5 f6 23. Bd4 Rc4 24. Qb2 Rb4 25. Qd2 Bb5 26. Rc1 Rc4 27. Rb1 a6 28. Qb2 Rc2 29. Qb4 Qxb4 30. Rxb4 Rxa2 31. e5 fxe5 32. Bxe5 Bxe5 33. Nxe5 Rd2 34. Nc6 e6 35. Nd4 exd5 36. Nxb5 axb5 37. Rxb5 Rd1+ 38. Kh2 1/2-1/2

[Event "Budapest FS09 FM-B"]
[Site "Budapest"]
[Date "2005.09.09"]
[Round "6"]
[White "Ladanyi, Gyula"]
[Black "Lakat, Gyula"]
[Result "1-0"]
[WhiteElo "1907"]
[BlackElo "1967"]
[PlyCount "120"]
[EventDate "2005.09.04"]
[EventType "tourn"]
[EventRounds "7"]
[EventCountry "HUN"]
[SourceTitle "CBM 108 Extra"]
[Source "ChessBase"]
[SourceDate "2005.11.04"]
[SourceVersion "1"]
[SourceVersionDate "2005.11.04"]
[SourceQuality "1"]

1. d4 d5 2. Nf3 Nf6 3. g3 Bf5 4. Bg2 e6 5. c4 c6 6. 0-0 Be7 7. Nc3 0-0 8. b3 Nbd7 9. Bb2 Re8 10. Nh4 Bg6 11. Nxg6 hxg6 12. e4 dxe4 13. Nxe4 Nxe4 14. Bxe4 Nf6 15. Bg2 Qa5 16. a3 Rad8 17. Qc2 Qh5 18. Rfe1 Rd7 19. Qc3 Red8 20. Qf3 Qh8 21. Rad1 Nh7 22. Qg4 Nf6 23. Qe2 Nh5 24. Rd3 Bf6 25. Red1 g5 26. d5 Bxb2 27. Qxb2 exd5 28. cxd5 Rd6 29. Qe2 c5 30. Qe3 b6 31. Qxg5 Nf6 32. g4 R8d7 33. Rh3 Nh7 34. Qe5 Rd8 35. Re1 Rh6 36. Rxh6 gxh6 37. Qxh8+ Kxh8 38. Re7 Kg7 39. Rxa7 Nf6 40. Rb7 Rd6 41. h3 Nd7 42. Be4 Kf6 43. f4 c4 44. b4 Ke7 45. Kf2 Kd8 46. Ra7 Nf6 47. Bb1 Ke8 48. Rc7 b5 49. Rc6 Kd7 50. Bf5+ Ke7 51. Rc7+ Kf8 52. Rc5 Nxd5 53. Kf3 Nc3 54. h4 Ra6 55. Ke3 Rxa3 56. Kd4 Ne2+ 57. Ke5 Kg7 58. Rxb5 Re3+ 59. Kd5 c3 60. Rc5 Nxf4+ 1-0

[Event "Budapest FS09 FM-B"]
[Site "Budapest"]
[Date "2005.09.08"]
[Round "5"]
[White "Palotas, Peter"]
[Black "Ladanyi, Gyula"]
[Result "1/2-1/2"]
[WhiteElo "1841"]
[BlackElo "1907"]
[PlyCount "85"]
[EventDate "2005.09.04"]
[EventType "tourn"]
[EventRounds "7"]
[EventCountry "HUN"]
[SourceTitle "CBM 108 Extra"]
[Source "ChessBase"]
[SourceDate "2005.11.04"]
[SourceVersion "1"]
[SourceVersionDate "2005.11.04"]
[SourceQuality "1"]

1. d4 Nf6 2. c4 c5 3. Nf3 e6 4. e3 d5 5. cxd5 exd5 6. Nc3 Nc6 7. Be2 Bd6 8. 0-0 0-0 9. Nb5 Be7 10. dxc5 Bxc5 11. b3 a6 12. Nbd4 Qe7 13. Bb2 Re8 14. Re1 Bb4 15. Rf1 Ba3 16. Bxa3 Qxa3 17. Qc1 Qd6 18. h3 Ne4 19. Qb2 Ne5 20. Rac1 Qg6 21. Kh1 Qh6 22. Nh2 Bd7 23. Ndf3 Ng6 24. Nd2 Ng5 25. Ng4 Bxg4 26. Bxg4 Ne5 27. Qd4 Qf6 28. Nf3 Nxg4 29. hxg4 Qh6+ 30. Kg1 Re4 31. Qxd5 Rxg4 32. Nxg5 Qxg5 33. Qxb7 Rf8 34. Rc4 Rxc4 35. bxc4 Qa5 36. Qb3 h6 37. Rb1 Re8 38. a4 Rc8 39. Qb4 Qc7 40. a5 Qc6 41. Rc1 Qc5 42. Qc3 Rd8 43. Qc2 1/2-1/2

[Event "Budapest FS09 FM-B"]
[Site "Budapest"]
[Date "2005.09.05"]
[Round "2"]
[White "Ladanyi, Gyula"]
[Black "Heinzer, Ralf"]
[Result "0-1"]
[WhiteElo "1907"]
[BlackElo "1970"]
[PlyCount "94"]
[EventDate "2005.09.04"]
[EventType "tourn"]
[EventRounds "7"]
[EventCountry "HUN"]
[SourceTitle "CBM 108 Extra"]
[Source "ChessBase"]
[SourceDate "2005.11.04"]
[SourceVersion "1"]
[SourceVersionDate "2005.11.04"]
[SourceQuality "1"]

1. d4 Nf6 2. c4 g6 3. Nc3 Bg7 4. e4 0-0 5. Nf3 d6 6. Be2 Na6 7. 0-0 e5 8. d5 Nc5 9. Qc2 a5 10. Bg5 Qe8 11. Nb5 Na6 12. a3 Bd7 13. Nd2 h6 14. Bh4 Nh7 15. Qc3 h5 16. f3 Qb8 17. Rac1 g5 18. Bf2 c6 19. Nxd6 Qxd6 20. Qxa5 c5 21. Qc3 Rfc8 22. Rb1 Bf8 23. Nb3 f6 24. Nc1 Qc7 25. Nd3 b5 26. f4 gxf4 27. cxb5 Bxb5 28. Qb3 Qd7 29. Nxe5 fxe5 30. Bxb5 Qd6 31. Qh3 Nf6 32. Qf5 Rc7 33. Bh4 Bg7 34. g3 Rf8 35. gxf4 Nxd5 36. fxe5 Qb6 37. Qh3 c4+ 38. Bf2 Qxb5 39. Qe6+ Rcf7 40. exd5 Nc7 41. Qc6 Qxd5 42. Qxd5 Nxd5 43. Rbc1 Nf4 44. Rc2 Bxe5 45. Re1 Nh3+ 46. Kg2 Rxf2+ 47. Rxf2 Rxf2+ 0-1

[Event "Budapest FS07 FM-B"]
[Site "Budapest"]
[Date "2005.07.04"]
[Round "3"]
[White "Babarczy, Peter"]
[Black "Ladanyi, Gyula"]
[Result "0-1"]
[WhiteElo "1994"]
[BlackElo "1907"]
[PlyCount "44"]
[EventDate "2005.07.02"]
[EventType "tourn"]
[EventRounds "9"]
[EventCountry "HUN"]
[SourceTitle "EXT 2008"]
[Source "ChessBase"]
[SourceDate "2007.11.25"]
[SourceVersion "1"]
[SourceVersionDate "2007.11.25"]
[SourceQuality "1"]

1. e4 e5 2. Nf3 Nc6 3. Bb5 a6 4. Ba4 Nf6 5. 0-0 Be7 6. Re1 b5 7. Bb3 0-0 8. c3 d5 9. exd5 Nxd5 10. Nxe5 Nxe5 11. Rxe5 c6 12. d4 Bd6 13. Re1 Qh4 14. g3 Qh3 15. Re4 g5 16. Nd2 Bf5 17. Re1 Rae8 18. a4 Bg4 19. f3 Bxg3 20. Re2 Ne3 21. Bxf7+ Rxf7 22. Qb3 Bxf3 0-1

[Event "Budapest FS06 FM-B"]
[Site "Budapest"]
[Date "2005.06.09"]
[Round "6"]
[White "Trajber, Daniel"]
[Black "Ladanyi, Gyula"]
[Result "0-1"]
[WhiteElo "1936"]
[BlackElo "1951"]
[PlyCount "98"]
[EventDate "2005.06.04"]
[EventType "tourn"]
[EventRounds "11"]
[EventCountry "HUN"]
[SourceTitle "CBM 106 Extra"]
[Source "ChessBase"]
[SourceDate "2005.07.01"]
[SourceVersion "1"]
[SourceVersionDate "2005.07.01"]
[SourceQuality "1"]

1. e4 e5 2. Nc3 Nf6 3. f4 d5 4. fxe5 Nxe4 5. Nf3 Bg4 6. Qe2 Nxc3 7. dxc3 Be7 8. Qb5+ Bd7 9. Qxd5 0-0 10. Bd3 Bc6 11. Qxd8 Rxd8 12. 0-0 Nd7 13. Bg5 Bc5+ 14. Kh1 Re8 15. e6 fxe6 16. Rae1 e5 17. Bc4+ Kh8 18. Bf7 Rf8 19. Nxe5 Nxe5 20. Rxe5 Bd6 21. Ref5 Be4 22. R5f2 Bc5 23. Rd2 Bd6 24. Be3 Rae8 25. Rdf2 Bxg2+ 26. Kxg2 Rxe3 27. Bc4 Rxf2+ 28. Rxf2 Re4 29. Bd5 Rh4 30. h3 c6 31. Re2 g5 32. Re8+ Kg7 33. Bf3 h5 34. Re6 Bf8 35. Re8 Ra4 36. Rb8 b6 37. a3 g4 38. hxg4 hxg4 39. Bxc6 Ra5 40. Kg3 Bd6+ 41. Kxg4 Bxb8 42. a4 Re5 43. Kf3 Kf6 44. Be4 Ke6 45. b4 Bd6 46. Ke3 Rg5 47. Bf3 Rg3 48. Ke4 Rxf3 49. Kxf3 Kd5 0-1

[Event "Budapest FS06 FM-B"]
[Site "Budapest"]
[Date "2005.06.07"]
[Round "4"]
[White "Lakat, Gyula"]
[Black "Ladanyi, Gyula"]
[Result "1/2-1/2"]
[WhiteElo "1983"]
[BlackElo "1951"]
[PlyCount "114"]
[EventDate "2005.06.04"]
[EventType "tourn"]
[EventRounds "11"]
[EventCountry "HUN"]
[SourceTitle "CBM 106 Extra"]
[Source "ChessBase"]
[SourceDate "2005.07.01"]
[SourceVersion "1"]
[SourceVersionDate "2005.07.01"]
[SourceQuality "1"]

1. e4 e5 2. Nf3 Nc6 3. Bb5 a6 4. Ba4 Nf6 5. 0-0 b5 6. Bb3 Be7 7. Re1 0-0 8. c3 d5 9. exd5 Nxd5 10. Nxe5 Nxe5 11. Rxe5 c6 12. Bxd5 cxd5 13. d4 Bd6 14. Re1 Qh4 15. g3 Qh3 16. Qf3 Be6 17. Bf4 Bg4 18. Qxd5 Bxf4 19. gxf4 Rae8 20. Na3 h6 21. Qg2 Qh5 22. Re5 f5 23. Rae1 Bf3 24. Qg3 Bd5 25. b3 Kh7 26. c4 bxc4 27. bxc4 Rxe5 28. dxe5 Be4 29. f3 Bxf3 30. Nc2 Be4 31. Ne3 Rc8 32. h3 Rc6 33. Kh2 Rb6 34. Qf2 Rc6 35. Rc1 Qf7 36. a4 Qc7 37. c5 g5 38. Rg1 Rxc5 39. Qg3 Qb8 40. fxg5 Qb2+ 41. Ng2 Qxe5 42. Qxe5 Rxe5 43. gxh6 Kxh6 44. Nf4 Ra5 45. Ra1 Kg5 46. Ne6+ Kh4 47. Nd4 Rd5 48. Rd1 Kh5 49. Kg3 Bc2 50. Rd2 Bxa4 51. Kf4 Bd7 52. Ke3 a5 53. Kd3 Bb5+ 54. Kc3 Rc5+ 55. Kb3 Bc4+ 56. Kb2 Kh4 57. Nxf5+ Kxh3 1/2-1/2

[Event "Budapest FS06 FM-B"]
[Site "Budapest"]
[Date "2005.06.05"]
[Round "2"]
[White "Dobos, Otto"]
[Black "Ladanyi, Gyula"]
[Result "1/2-1/2"]
[WhiteElo "1959"]
[BlackElo "1951"]
[PlyCount "109"]
[EventDate "2005.06.04"]
[EventType "tourn"]
[EventRounds "11"]
[EventCountry "HUN"]
[SourceTitle "CBM 106 Extra"]
[Source "ChessBase"]
[SourceDate "2005.07.01"]
[SourceVersion "1"]
[SourceVersionDate "2005.07.01"]
[SourceQuality "1"]

1. d4 Nf6 2. Nf3 d5 3. Bf4 e6 4. e3 c6 5. c3 Bd6 6. Ne5 Qc7 7. Bd3 Nbd7 8. Nxd7 Bxd7 9. Bxd6 Qxd6 10. f4 h5 11. Nd2 Ng4 12. Qf3 f5 13. h3 Nf6 14. 0-0-0 0-0-0 15. h4 c5 16. dxc5 Qxc5 17. Nb3 Qb6 18. Nd4 Qa5 19. Kb1 Kb8 20. Rc1 Ng4 21. Nb3 Qb6 22. Rhe1 Rc8 23. Bc2 Rhe8 24. g3 a5 25. Nd4 Rxc3 26. Ka1 Rc7 27. Bb1 Rec8 28. Rxc7 Rxc7 29. Qe2 g6 30. Qd2 Nf6 31. a3 Ne8 32. Rc1 Rxc1 33. Qxc1 Nd6 34. Qc3 Nc4 35. Ba2 Nd6 36. Nb3 Ne4 37. Qe1 a4 38. Nd4 Qc5 39. Bb1 Nd6 40. Bd3 Nf7 41. Nf3 Nh6 42. Ne5 Be8 43. Qd2 Ng4 44. Nxg4 hxg4 45. Bb1 b6 46. Bc2 Qc4 47. Qd1 Bb5 48. Kb1 Kc7 49. Qd4 Qf1+ 50. Qd1 Qxd1+ 51. Bxd1 Bd3+ 52. Kc1 b5 53. Kd2 Bc4 54. Kc3 Kd6 55. Kd4 1/2-1/2

[Event "Budapest FS05 FM-B"]
[Site "Budapest"]
[Date "2005.05.16"]
[Round "10"]
[White "Ladanyi, Gyula"]
[Black "Honsch, Pal"]
[Result "1-0"]
[WhiteElo "1951"]
[BlackElo "1966"]
[PlyCount "123"]
[EventDate "2005.05.07"]
[EventType "tourn"]
[EventRounds "11"]
[EventCountry "HUN"]
[SourceTitle "CBM 106 Extra"]
[Source "ChessBase"]
[SourceDate "2005.07.01"]
[SourceVersion "1"]
[SourceVersionDate "2005.07.01"]
[SourceQuality "1"]

1. d4 Nf6 2. c4 e6 3. Nc3 c5 4. d5 exd5 5. cxd5 d6 6. e4 g6 7. Nf3 Bg7 8. Be2 0-0 9. 0-0 Re8 10. Qc2 a6 11. a4 Bg4 12. h3 Bxf3 13. Bxf3 Nbd7 14. Bg5 Qc7 15. Be2 c4 16. Bf4 Nc5 17. f3 Nb3 18. Ra3 Qc5+ 19. Kh1 Nd4 20. Qd2 Nxe2 21. Qxe2 Nh5 22. Bh2 Bxc3 23. Rxc3 b5 24. g4 Ng7 25. Ra1 Rac8 26. axb5 axb5 27. Qe3 b4 28. Qxc5 Rxc5 29. Rcc1 c3 30. bxc3 bxc3 31. Bxd6 Rc4 32. Rc2 f5 33. e5 Rec8 34. Rac1 h5 35. gxh5 Nxh5 36. e6 Nf6 37. Rg1 Kh7 38. e7 Nxd5 39. Re1 Nf6 40. Be5 Ne8 41. Rd1 Kg8 42. Rd8 Kf7 43. Bxc3 Kxe7 44. Bf6+ Nxf6 45. Rxc8 Rxc8 46. Rxc8 Nh5 47. Kg2 Kf6 48. h4 Nf4+ 49. Kf2 Nh5 50. Ke3 Ng3 51. Rc6+ Kf7 52. Kf4 Ne2+ 53. Kg5 Nd4 54. Rc7+ Kf8 55. Kf6 Ke8 56. f4 Ne2 57. Kg5 Kf8 58. Rc6 Nd4 59. Ra6 Kf7 60. Rd6 Ne6+ 61. Rxe6 Kxe6 62. Kxg6 1-0

[Event "Budapest FS05 FM-B"]
[Site "Budapest"]
[Date "2005.05.14"]
[Round "8"]
[White "Ladanyi, Gyula"]
[Black "Palotas, Peter"]
[Result "1-0"]
[WhiteElo "1951"]
[BlackElo "1890"]
[PlyCount "107"]
[EventDate "2005.05.07"]
[EventType "tourn"]
[EventRounds "11"]
[EventCountry "HUN"]
[SourceTitle "CBM 106 Extra"]
[Source "ChessBase"]
[SourceDate "2005.07.01"]
[SourceVersion "1"]
[SourceVersionDate "2005.07.01"]
[SourceQuality "1"]

1. d4 d5 2. c4 e6 3. Nf3 Nf6 4. Nc3 Nbd7 5. g3 dxc4 6. Bg2 c5 7. 0-0 Nb6 8. e3 cxd4 9. exd4 Be7 10. Ne5 0-0 11. a4 Nbd5 12. Nxc4 Bd7 13. Ne5 Rc8 14. Nxd7 Qxd7 15. Qb3 Rc6 16. Re1 Rfc8 17. Bd2 Rc4 18. Nxd5 Nxd5 19. Be3 Rb4 20. Qa2 Rc2 21. Bxd5 exd5 22. Reb1 Bf6 23. Qa3 a5 24. Qd3 Rbxb2 25. Rxb2 Rxb2 26. Qc3 Rb4 27. Ra3 h6 28. h4 Qc6 29. Qa1 Qb6 30. Qc3 Qc6 31. Qa1 Rc4 32. Qb2 b6 33. Qa1 Bxd4 34. Qe1 Bxe3 35. Qxe3 d4 36. Qf3 Qxf3 37. Rxf3 Rxa4 38. Kf1 b5 39. Rd3 Ra2 40. Ke1 Rc2 41. Rxd4 b4 42. Rd5 b3 43. Kd1 a4 44. Rd8+ Kh7 45. Ra8 Ra2 46. Kc1 Rc2+ 47. Kb1 Ra2 48. Ra6 g6 49. g4 h5 50. gxh5 Rxf2 51. Rxa4 f5 52. Rb4 Rf3 53. Kb2 Kh6 54. Rb7 1-0

[Event "Budapest FS05 FM-B"]
[Site "Budapest"]
[Date "2005.05.12"]
[Round "6"]
[White "Feher, Laszlo"]
[Black "Ladanyi, Gyula"]
[Result "1-0"]
[WhiteElo "1823"]
[BlackElo "1951"]
[PlyCount "87"]
[EventDate "2005.05.07"]
[EventType "tourn"]
[EventRounds "11"]
[EventCountry "HUN"]
[SourceTitle "CBM 106 Extra"]
[Source "ChessBase"]
[SourceDate "2005.07.01"]
[SourceVersion "1"]
[SourceVersionDate "2005.07.01"]
[SourceQuality "1"]

1. e4 e5 2. Nf3 Nc6 3. Bc4 Nf6 4. d4 Nxe4 5. dxe5 Bb4+ 6. c3 Bc5 7. Qd5 Bxf2+ 8. Kf1 0-0 9. Qxe4 Bb6 10. Bg5 Qe8 11. Bd3 f5 12. exf6 Qxe4 13. Bxe4 h6 14. Bd5+ Kh7 15. fxg7 Kxg7 16. Bh4 Ne5 17. Bf2 c6 18. Bxb6 axb6 19. Be4 d5 20. Bc2 Nc4 21. Kf2 Bg4 22. Re1 Rf7 23. b3 Nd6 24. Nbd2 Raf8 25. Kg1 Nb5 26. c4 Na3 27. Bd3 dxc4 28. Nxc4 Rd7 29. Nxa3 Rxd3 30. Ne5 Rd4 31. Nc2 Rd2 32. Nxg4 Rxc2 33. Rf1 Ra8 34. Rf2 Rc3 35. Raf1 h5 36. Nf6 h4 37. Ne4 Re3 38. Nd6 Rd3 39. Nc4 h3 40. gxh3 Rxh3 41. Rg2+ Kh8 42. Nxb6 Ra6 43. Nd7 Rh7 44. Rf8# 1-0

[Event "Budapest FS05 FM-B"]
[Site "Budapest"]
[Date "2005.05.09"]
[Round "3"]
[White "Ladanyi, Gyula"]
[Black "Nagy, Aron"]
[Result "1-0"]
[WhiteElo "1951"]
[BlackElo "1945"]
[PlyCount "68"]
[EventDate "2005.05.07"]
[EventType "tourn"]
[EventRounds "11"]
[EventCountry "HUN"]
[SourceTitle "CBM 106 Extra"]
[Source "ChessBase"]
[SourceDate "2005.07.01"]
[SourceVersion "1"]
[SourceVersionDate "2005.07.01"]
[SourceQuality "1"]

1. d4 Nf6 2. c4 Nc6 3. Nc3 e5 4. d5 Ne7 5. e4 Ng6 6. Nf3 Bc5 7. Be2 a6 8. 0-0 d6 9. b4 Ba7 10. a4 0-0 11. Ba3 Ne8 12. c5 f5 13. Nd2 f4 14. Bg4 Qg5 15. Bxc8 Rxc8 16. Nf3 Qh6 17. Rc1 Ne7 18. Nb1 Nf6 19. Qd3 g5 20. h3 Qg6 21. Nbd2 h5 22. Nh2 g4 23. Nc4 gxh3 24. Qxh3 Nxe4 25. Qd7 Nxd5 26. cxd6 f3 27. g4 Rcd8 28. Nxe5 Qh6 29. dxc7 Rxd7 30. c8Q Rxc8 31. Rxc8+ Kg7 32. Nxd7 hxg4 33. b5 Qh3 34. Bb2+ Ndc3 1-0

[Event "Budapest Spring op 18th"]
[Site "Budapest"]
[Date "2002.03.15"]
[Round "1"]
[White "Szemeti, Arpad"]
[Black "Ladanyi, Gyula"]
[Result "1-0"]
[WhiteElo "2201"]
[BlackElo "2004"]
[PlyCount "84"]
[EventDate "2002.03.15"]
[EventType "swiss"]
[EventRounds "9"]
[EventCountry "HUN"]
[SourceTitle "CBM 087 Extra"]
[Source "ChessBase"]
[SourceDate "2002.05.03"]
[SourceVersion "2"]
[SourceVersionDate "2002.08.09"]
[SourceQuality "1"]

1. d4 Nf6 2. c4 c5 3. d5 b5 4. a4 b4 5. Nd2 g6 6. e4 d6 7. Be2 Bg7 8. Ngf3 0-0 9. h4 Bg4 10. Ng5 Bxe2 11. Qxe2 h6 12. Nh3 e6 13. dxe6 fxe6 14. e5 Ne8 15. Qe4 Nd7 16. Nf3 dxe5 17. Qxg6 Qf6 18. Qxf6 Nexf6 19. Nd2 e4 20. 0-0 Ne5 21. Re1 Nd3 22. Re2 Rad8 23. Rb1 Rd4 24. b3 e3 25. Nf3 exf2+ 26. Nxf2 Nxc1 27. Rxc1 Rd6 28. Rce1 Re8 29. Ne5 Nh5 30. Nfd3 Ng3 31. Re3 Nf5 32. Re4 Rc8 33. Rg4 Kh7 34. Nf4 Rd4 35. Nf3 Rd6 36. Nxe6 Rd3 37. Nxg7 Nxg7 38. Re7 Rg8 39. Rxa7 Rxb3 40. Ne5 Rb1+ 41. Kh2 h5 42. Rg5 Rc1 1-0

[Event "Tapolca Evadnyito op"]
[Site "Budapest"]
[Date "2002.01.10"]
[Round "7"]
[White "Ladanyi, Gyula"]
[Black "Trajber, Csaba"]
[Result "0-1"]
[WhiteElo "2000"]
[BlackElo "2013"]
[PlyCount "74"]
[EventDate "2002.01.04"]
[EventType "swiss"]
[EventRounds "9"]
[EventCountry "HUN"]
[SourceTitle "EXT 2004"]
[Source "ChessBase"]
[SourceDate "2003.11.25"]
[SourceVersion "1"]
[SourceVersionDate "2003.11.25"]
[SourceQuality "1"]

1. d4 d5 2. c4 c6 3. b3 Bf5 4. Nf3 e6 5. g3 Nf6 6. Bg2 Nbd7 7. 0-0 h6 8. Nc3 Ne4 9. Bb2 Bb4 10. Qc1 0-0 11. Nd2 Nxd2 12. Qxd2 Nf6 13. f3 Qe7 14. a3 Ba5 15. b4 Bc7 16. e4 Bg6 17. cxd5 cxd5 18. e5 Nd7 19. Rac1 Nb6 20. Nb5 Nc4 21. Qe2 Bb6 22. Rfd1 Rfc8 23. Kf1 a5 24. Bc3 Qd7 25. Nd6 Nxd6 26. exd6 Qxd6 27. Qb2 Bd8 28. Bd2 Qd7 29. Rxc8 Qb5+ 30. Kg1 Rxc8 31. Bf1 Qb6 32. Rc1 Rxc1 33. Qxc1 axb4 34. Bxb4 Qxd4+ 35. Kh1 Bb6 36. Bg2 Qe3 37. Qd1 Bc2 0-1

[Event "Tapolca Evadnyito op"]
[Site "Budapest"]
[Date "2002.01.08"]
[Round "5"]
[White "Rabovszky, Gyorgy"]
[Black "Ladanyi, Gyula"]
[Result "1-0"]
[WhiteElo "2070"]
[BlackElo "2000"]
[PlyCount "31"]
[EventDate "2002.01.04"]
[EventType "swiss"]
[EventRounds "9"]
[EventCountry "HUN"]
[SourceTitle "EXT 2004"]
[Source "ChessBase"]
[SourceDate "2003.11.25"]
[SourceVersion "1"]
[SourceVersionDate "2003.11.25"]
[SourceQuality "1"]

1. e4 e5 2. f4 exf4 3. Nf3 g5 4. d4 g4 5. Bc4 gxf3 6. Qxf3 Bg7 7. Bxf4 Qf6 8. e5 Qe7 9. 0-0 f6 10. Nc3 c6 11. Rae1 Kd8 12. exf6 Qxf6 13. Qg3 Qxd4+ 14. Kh1 d6 15. Bxd6 Bd7 16. Bxb8 1-0

[Event "Budapest FS06 FM-A"]
[Site "Budapest"]
[Date "2002.??.??"]
[Round "5"]
[White "Csaszar, Gyula"]
[Black "Ladanyi, Gyula"]
[Result "1-0"]
[WhiteElo "2100"]
[BlackElo "2035"]
[PlyCount "63"]
[EventDate "2002.06.01"]
[EventType "tourn"]
[EventRounds "9"]
[EventCountry "HUN"]
[EventCategory "2"]
[SourceTitle "CBM 088 Extra"]
[Source "ChessBase"]
[SourceDate "2002.07.01"]
[SourceVersion "2"]
[SourceVersionDate "2002.07.01"]
[SourceQuality "1"]

1. e4 e5 2. Nf3 Nc6 3. Bc4 Nf6 4. d3 Bc5 5. 0-0 0-0 6. c3 d6 7. b4 Bb6 8. a4 a5 9. b5 Nb8 10. Bg5 Bg4 11. h3 Bh5 12. Nbd2 Nbd7 13. Bd5 Qc8 14. Bb3 c6 15. Nc4 Bc7 16. g4 Bg6 17. Nh4 Kh8 18. Qf3 d5 19. Nd2 h6 20. Bxf6 Nxf6 21. exd5 cxd5 22. Bxd5 Nxd5 23. Qxd5 Qd8 24. Nxg6+ fxg6 25. Qe4 Qh4 26. Kg2 Bb6 27. Nf3 Qf6 28. Nxe5 Rae8 29. f4 g5 30. d4 Qd8 31. Rae1 Bc7 32. Nf7+ 1-0

[Event "Budapest FS06 FM-A"]
[Site "Budapest"]
[Date "2002.??.??"]
[Round "6"]
[White "Dobos, Otto"]
[Black "Ladanyi, Gyula"]
[Result "1-0"]
[WhiteElo "2037"]
[BlackElo "2035"]
[PlyCount "120"]
[EventDate "2002.06.01"]
[EventType "tourn"]
[EventRounds "9"]
[EventCountry "HUN"]
[EventCategory "2"]
[SourceTitle "CBM 088 Extra"]
[Source "ChessBase"]
[SourceDate "2002.07.01"]
[SourceVersion "2"]
[SourceVersionDate "2002.07.01"]
[SourceQuality "1"]

1. d4 d5 2. Nf3 Nf6 3. Bf4 c6 4. a4 a5 5. e3 e6 6. Nbd2 Be7 7. h3 0-0 8. Bd3 Nh5 9. Bh2 f5 10. Ne5 Nf6 11. 0-0 Nbd7 12. Ndf3 Ne4 13. c3 Bd6 14. Kh1 Nxe5 15. Nxe5 Rb8 16. c4 Nf6 17. Qe2 dxc4 18. Bxc4 Nd5 19. Qd3 Qe7 20. Qd2 Nb4 21. Bb3 Bc7 22. Rac1 Rd8 23. Qe2 Bd6 24. Rfd1 Nd5 25. Qd2 Ra8 26. Qd3 Qf6 27. Qe2 Nb4 28. Nc4 Bxh2 29. Kxh2 Bd7 30. Qe1 b5 31. Nxa5 Qe7 32. Nb7 Rdb8 33. Nc5 bxa4 34. Bxa4 e5 35. b3 e4 36. Nxd7 Qxd7 37. Qc3 Qd6+ 38. g3 Nd3 39. Rc2 Qg6 40. Bxc6 Qh5 41. Qc4+ Kf8 42. Rf1 Rc8 43. Qe6 Qf7 44. Qxf7+ Kxf7 45. Kg2 Rab8 46. Bd5+ Ke7 47. Rxc8 Rxc8 48. Bc4 Nb2 49. Rc1 Nd3 50. Rb1 Nb4 51. Ra1 Rc7 52. Ra5 g6 53. g4 Kf6 54. Kg3 Nd3 55. Ra6+ Kg5 56. h4+ Kh6 57. gxf5 Kh5 58. f6 g5 59. hxg5 Kxg5 60. f7 Rc8 1-0